000
00342nam a2200133Ia 4500
003
PILC
008
220421s2011 xx 000 0 und d
040
_c
EARIST LIBRARY
100
_a
Pagoso, Cristobal
_9
1050
245
0
_a
Principle of Economics /
260
_a
Sampaloc Manila,
_b
Rex Bookstore :
_c
2011.
999
_c
2460
_d
2460
942
_2
ddc
_c
BK